Lublana - quiz wielokrotnego wyboru - Statystyki

Ogólne statystyki
  • Ten quiz został rozwiązany 5 razy
  • Średni wynik to 7 z 10
Statystyki odpowiedzi
Zagadnienie Odpowiedź % Poprawnych
Która z poniższych osób mieszkała w Lublanie? Melania Trump
100%
W którym roku Lublana stała się stolicą kraju? 1991
80%
Którego ze środków transportu nigdy nie było w Lublanie? Metro
80%
Posąg jakiej istoty znajduje się na moście nad rzeką Ljubljanicą i jest jednocześnie symbolem miasta? Smok
80%
Który z poniższych zdjęć nie przedstawia Lublany?
60%
Jak nazywało się historyczne miasto, na którego podwalinach powstała Lublana? Emona
60%
Kto zaprojektował i zrealizował większość obiektów budowanych w Lublanie? Jože Plečnik
60%
Jak nazywa się nieformalne centrum kultury alternatywnej w Lublanie? Metelkova
60%
Jak nazywa się park w mieście, w którym znajdują się m.in.: zamek, hala sportowa, ogród zoologiczny? Tivoli Park
60%
Jakie wydarzenie zniszczyło miasto w 1895 roku? Trzęsienie ziemi
60%
Nie znaleziono quizów pasujących do podanych kryteriów
Rozkład punktacji
Procent ludzi z każdym wynikiem
Percentyl według liczby udzielonych odpowiedzi
Twoja historia wyników
Nie rozwiązałeś tego quizu